The Friendly Society settled. Or, a proposal of a new way or method for securing houses from any considerable loss by fire, by way of subscription, and mutual contribution..

Bibliographic Details
Format: eBook
Language:English
Published: London, : printed by William Horton, October 1684.
Series:Early English books online.
Subjects:
Online Access:Connect to the full text of this electronic book

MARC

Tag First Indicator Second Indicator Subfields
LEADER 00000nam a2200000 4500
001 in00004194813
005 20200806081439.0
006 m g d
007 cr bn |||a|bb|
008 970815s1684 enk o 00 eng d
035 |a (UnM)99885610 
037 |a CL2105000001  |b ProQuest Information and Learning. 300 N. Zeeb Rd., Ann Arbor, MI 48106 
040 |a Cu-RivES  |c Cu-RivES  |d Cu-RivES  |e dcrb 
245 0 4 |a The Friendly Society settled. Or, a proposal of a new way or method for securing houses from any considerable loss by fire, by way of subscription, and mutual contribution.. 
246 3 0 |a Proposal of a new way or method for securing houses from any considerable loss by fire, by way of subscription, and mutual contribution 
260 |a London, :  |b printed by William Horton,  |c October 1684. 
300 |a 1 online resource (1 sheet ([1] pages). 
336 |a text  |b txt  |2 rdacontent 
337 |a computer  |b c  |2 rdamedia 
338 |a online resource  |b cr  |2 rdacarrier 
500 |a Imprint from Wing. 
500 |a Reproduction of original in the British Library. 
510 4 |a Wing (CD-ROM, 1996)  |c F2228 
510 4 |a Early English books tract supplement interim guide  |c 816.m.10[78] 
533 |a Electronic reproduction.  |b Ann Arbor, Mich. :  |c UMI,  |d 1999-  |f (Early English books online)  |n Digital version of: (Early English books; Tract supplement ; C1:2[77])  |7 s1999 miun s 
610 2 0 |a Friendly Society (London, England)  |v Early works to 1800. 
650 0 |a Insurance, Fire  |z England  |v Early works to 1800. 
655 7 |a Broadsides  |z England  |y 17th century.  |2 rbgenr 
830 0 |a Early English books online. 
856 4 0 |u http://proxy.library.tamu.edu/login?url=https://search.proquest.com/docview/2240887124  |z Connect to the full text of this electronic book  |t 0 
999 f f |s f13f8fba-a61c-3e40-9486-cd0a238dcdc1  |i 2156123d-0a8e-3788-825c-90e66b7d9d37  |t 0 
952 f f |a Texas A&M University  |b College Station  |c Electronic Resources  |d Available Online  |t 0  |h No information provided 
998 f f |t 0  |l Available Online